• 首页
  • 本馆介绍
  • 公告通知
  • 最新文献
  • 馆藏检索
  • 电子资源
  • 读者导购
  • 参考咨询
  • 我的图书馆
  • 登录
  • 详细信息显示
  • 放入我的书架
  • 预约/预借图书
  • 作者相关作品
  • 分类相关作品
  • 丛书相关作品
  • 出版社相关作品

书目信息

  • 表格格式
  • 工作单格式
  • 卡片格式
题名:
光的波动和量子性质
    
 
作者: 马雷谢夫 著 ;阎金铎 译
分册:  
出版信息: 上海   上海教育出版社  1960.03
页数: 111页
开本: 19cm
丛书名:
单 册:
中图分类: O43
科图分类:
主题词: 光学
电子资源:
ISBN:
000 00615nam0 2200205 450
001 0640280938
005 20060819111313.57
010    @dCNY0.32
100    @a20060819d1960 km y0chiy0120 ea
101 0  @achi@crus
102    @aCN@b310000
200 1  @a光的波动和量子性质@Aguang de bo dong he liang zi xing zhi@f(苏)马雷谢夫著@F(su)ma lei xie fu zhu@g阎金铎译@Gyan jin duo yi
210    @a上海@c上海教育出版社@d1960.03
215    @a111页@d19cm
606 0  @a光学
690    @aO43@v3
701  0 @a马雷谢夫@Ama lei xie fu@4著
702  0 @a阎金铎@Ayan jin duo@4译
801  0 @aCN@bPFT@c20060819
905    @a10447@dO43@e103
    
    光的波动和量子性质/(苏)马雷谢夫著/阎金铎译.-上海:上海教育出版社,1960.03
    111页;19cm
    
    
    ISBN :CNY0.32
    
●
相关链接 在E读中查询图书 在五车中查询图书 在当当中查询图书 在豆瓣中查询图书


正题名:光的波动和量子性质     索取号:O43/103         预约/预借

序号 登录号 条形码 馆藏地/架位号 状态 备注
1 0468884   204688846   密集书库/ [索取号:O43/103] 在馆    
唐山师范学院图书馆 欢迎您!
大连网信软件有限公司© 版权所有